Fr. Conceicao Rodrigues College of Engineering

Kiro Yanchay Hasta Mudrick shastra (Record no. 36116)

MARC details
000 -LEADER
fixed length control field 00361nam a22001217a 4500
003 - CONTROL NUMBER IDENTIFIER
control field OSt
005 - DATE AND TIME OF LATEST TRANSACTION
control field 20250210094407.0
008 - FIXED-LENGTH DATA ELEMENTS--GENERAL INFORMATION
fixed length control field 250210b |||||||| |||| 00| 0 eng d
040 ## - CATALOGING SOURCE
Transcribing agency
082 ## - DEWEY DECIMAL CLASSIFICATION NUMBER
Classification number 133.50954/DUT
245 ## - TITLE STATEMENT
Title Kiro Yanchay Hasta Mudrick shastra
Statement of responsibility, etc. Dutta Kulkarni
Medium Marati
942 ## - ADDED ENTRY ELEMENTS (KOHA)
Source of classification or shelving scheme Dewey Decimal Classification
Koha item type BOOK
Classification part 133.50954
Item part DUT
Call number prefix 133.50954
Call number suffix DUT
Suppress in OPAC No
Holdings
Withdrawn status Lost status Source of classification or shelving scheme Damaged status Not for loan Collection Home library Current library Date acquired Cost, normal purchase price Inventory number Total Checkouts Full call number Barcode Date last seen Date last checked out Price effective from Koha item type
    Dewey Decimal Classification     General Fr. Agnel's C.Rodrigues College of Engineering Fr. Agnel's C.Rodrigues College of Engineering 10/02/2025 160.00 226 dt 21.01.2025 /Gajanan book 1 133.50954/DUT 26596 30/05/2025 10/02/2025 10/02/2025 BOOK